00928ngm a2200205 i 4500001000300000245019200003260005600195300004800251490004100299650004400340650004500384655002800429710004400457830003800501040000800539041000800547080002800555008004100583856009800624bg00aReforma systemu edukacji :bnowy ustrój szkolny, reforma programowa, system oceniania, awans nauczyciela, finansowanie oświaty, kalendarium reformy /cMinisterstwo Edukacji Narodowej. aWarszawa :bMinisterstwo Edukacji Narodowej,c1998. a1 kas. wiz. VHS (70 min.) :bdźw., kolor.1 aPowszechna Wideoteka Edukacyjna ;v1 9aOświataxpolitykazPolskayod 1989 r. 9aSzkolnictwoxreformazPolskayod 1989 r. aDokumenty audiowizualne0 aPolskabMinisterstwo Edukacji Narodowej aPowszechna Wideoteka Edukacyjna ; cBPK0 apol a37.014.3(438)"1989/..." s pl f |000 0 pol  uhttp://koha.tu.koszalin.pl/cgi-bin/koha/opac-detail.pl?biblionumber=35289yKatalog online BPK